SISTEMA DE BIBLIOTECAS
Carmen Mendoza De Cornielle

Vista normal Vista MARC
  • Bencosme, Sergio,

Entrada Nombre de persona

Número de registros utilizados en: 1

001 - NÚMERO DE CONTROL

  • campo de control: 95

003 - IDENTIFICADOR DEL NÚMERO DE CONTROL

  • campo de control: UNIREMHOS

005 - FECHA Y HORA DE LA ÚLTIMA TRANSACCIÓN

  • campo de control: 20250731233446.0

008 - DATOS DE LONGITUD FIJA

  • campo de control de longitud fija: 250731|| az|||aabn | a|a d

040 ## - FUENTE DE LA CATALOGACIÓN

  • Centro catalogador/agencia de origen: UNIREMHOS
  • Lengua de catalogación: spa
  • Normas de descripción: rda

046 ## - FECHAS CON CODIFICACIÓN ESPECIAL

  • Fecha de nacimiento: 19200427

100 1# - ENCABEZAMIENTO-NOMBRE DE PERSONA

  • Nombre de persona: Bencosme, Sergio,
  • Fechas asociadas al nombre: 1920-

370 ## - LUGAR ASOCIADO

  • Lugar de nacimiento: Montecristi, República Dominicana

372 ## - CAMPO DE ACTIVIDAD

  • Campo de actividad: Medicina

373 ## - GRUPO ASOCIADO

  • Grupo asociado: Universidad Autónoma de Santo Domingo

374 ## - OCUPACIÓN

  • Ocupación: Médico
  • Ocupación: Docente

375 ## - GÉNERO/SEXO

  • Género/Sexo: masculino

377 ## - LENGUA/LENGUAJE ASOCIADO

  • Código del idioma: spa
  • Término de lengua/lenguaje: Español

400 1# - TRAZADO DE VÉASE--NOMBRE DE PERSONA

  • Nombre de persona: Bencosme Ruiz, Sergio Arturo,
  • Fechas asociadas al nombre: 1920-

670 ## - FUENTE DE DATOS ENCONTRADOS

  • Cita de la fuente: Historia del desarrollo científico e investigativo de un dominicano, 2004:
  • Información encontrada: (Sergio Arturo Bencosme Ruiz ; n. 1920)
UNIREMHOS

Av. Abraham Lincoln no. 126, casi esq. José Contreras,
Santo Domingo, República Dominicana

Correo: info@uniremhos.edu.do

Tel.: (809) 532-3739

Horario: Lunes a Viernes: 8:00 am - 6:00 pm | Sábados: 8:00 am - 12:00 m

📍 Ubicación
UNEFA

Av. 27 de Febrero no. 52, El Vergel,
Santo Domingo, República Dominicana

Tel.: (809) 530-0224

📍 Ubicación
UFHEC

Av. Máximo Gómez esq. César Nicolás Penson, La Esperilla,
Santo Domingo, República Dominicana

Tel.: (809) 537-6000

📍 Ubicación